LEADER 00770naa a2200157 i 4500 001 000000300763 003 CaOOAMICUS 005 20191028095623.0 008 180831n xx u000 u und u 013 $a8485 040 $aSeMil$bita 100 1 $aCatella, Alceste,$d<1942- >.$0(OLS)http://semarc/name/425 245 10$aIntroduzione allo studio della liturgia :$brassegna bibliografica, Assisi, 28 agosto 1 settembre 1988. Roma. 773 0 $tMistero celebrato.$dRoma : CLV Edizioni Liturgiche, 1989.$kBibliotheca Ephemerides Liturgicae. Subsidia$kStudi di liturgia. Nuova serie$z88-85918-43-3$w()34843 996 $6245$aIntroduzione allo studio della liturgia :$brassegna bibliografica, Assisi, 28 agosto 1 settembre 1988. Roma$9(OLS)http://semarc/title/376778 LEADER 01270nam a2200241 i 4500 001 000000213227 003 CaOOAMICUS 005 20231012145010.0 008 120516s1780 it u000 u ita u 026 $ao-a- i.li .&2. unbl (3) 1780 (R) 040 $aSeMil$bita 100 1 $aHarwood, Edward.$0(OLS)http://semarc/name/75965 245 10$aProspetto di varie edizioni degli autori classici greci e latini tradotto dall'originale inglese del d.r Eduardo Arvood corretto ed accresciuto da Maffeo Pinelli veneziano. 260 $aIn Venezia :$bNella stamperia di Carlo Palese,$c1780. 300 $a[12], 271, [1], IX, [3] p. ;$c8°. 500 $aSegn.: *6 A-R8 a6 (a5v e a6 bianche) 700 1 $aPinelli, Maffeo.$0(OLS)http://semarc/name/75964 700 1 $aPalese,$c.$0(OLS)http://semarc/name/11123 850 $aSeMil 852 $aSeMil$W1$xVenegono$y1$m1Y II 79 FA$j163657$B163657$CSeMilBibl$Z2$F174731 $8I 996 $6245$aProspetto di varie edizioni degli autori classici greci e latini tradotto dall'originale inglese del d.r Eduardo Arvood corretto ed accresciuto da Maffeo Pinelli veneziano$9(OLS)http://semarc/title/307482 996 $6260$aIn Venezia :$bNella stamperia di Carlo Palese$9(OLS)http://semarc/publisher/41553